| 000 | 01370nam a22002657a 4500 | ||
|---|---|---|---|
| 005 | 20170124103120.0 | ||
| 010 | _aB-027165 | ||
| 020 | _c150.00 | ||
| 035 | _aB-027165 | ||
| 037 | _bCen Lib/Ret | ||
| 040 |
_aDPL _bHN |
||
| 082 |
_a824 _bशर्माओ |
||
| 100 |
_aशर्मा, ओमप्रकाश शास्त्री _981859 |
||
| 245 |
_aआधुनिक निबंध भारती : _cओमप्रकाश शर्मा शास्त्री ; संपादक लाल सिंह चौधरी _bनिबंध की आधुनिकतम पुस्तक / |
||
| 246 |
_aAdhunik nibandh bharti : nibandh ki adhuniktam pustak _b by Omprakash Sharma Shastri ; Lalsingh Choudhary |
||
| 260 |
_aदिल्ली _bसन्मार्ग प्रकाशन _c1999 |
||
| 270 |
_a16, यु. बी. बंगलो रोड जवाहर नगर _bदिल्ली _e110007 |
||
| 300 |
_a224पृष्ठ. _c20सेमी(सजिल्द) |
||
| 650 |
_aहिंदी साहित्य _981860 |
||
| 650 |
_aहिंदी निबंध - आधुनिक _981861 |
||
| 650 |
_aHindi literature _981862 |
||
| 650 |
_aHindi Essay - Modern _981863 |
||
| 700 |
_aचौधरी , लालसिंह _981864 |
||
| 942 |
_2ddc _cHN _h824 _mशर्माओ |
||
| 999 |
_c118776 _d118776 |
||